LEADER 01979nam a2200421 a 4500 001 000000141224 003 CaOOAMICUS 005 20150116131611.0 008 150116s2014 gw u001 u ger r 020 $z9783451273797* 040 $aPUL$bita 082 04$a193 100 0 $aTheresia Benedicta a Cruce,$cs.,$d1891-1942.$0(OLS)http://pul/name/8163 245 11$a"Freiheit und Gnade" und weitere Beiträge zu Phänomenologie und Ontologie (1917 bis 1937) /$cbearbeitet und eingeführt von Beate Beckmann-Zöller und Hans Rainer Sepp. 260 $aFreiburg :$bHerder,$c2014. 300 $aCXXIX, 380 p. ;$c22 cm 490 1 $aEdith Stein Gesamtausgabe ;$v09 490 1 $aPhänomenologie und Ontologie 504 $aBibliografia in nota. 650 4$aFenomenologia$xStudi.$0(OLS)http://pul/subject/39462 650 4$aGrazia.$0(OLS)http://pul/subject/22983 650 4$aLibertà.$0(OLS)http://pul/subject/40 700 1 $aBeckmann-Zöller, Beate.$0(OLS)http://pul/name/59383 700 1 $aSepp, Hans Rainer.$0(OLS)http://pul/name/35640 830 0$aEdith Stein Gesamtausgabe ;$v09.$0(OLS)http://pul/title/99687 830 0$aPhänomenologie und Ontologie.$0(OLS)http://pul/title/176712 850 $aPUL 852 $aPUL$W1$xSL Filosofia 3$y81$m193 STEED 5.9$j163061$qDDC 21$q $B162868$CPULBib$Z2$F162868 $H125241 $81 900 $aStein, Edith, $csuora,$d1891-1942$98163 900 $aEdith Stein,$cs.,$d1891-1942 $98163 900 $aTeresa Benedetta della Croce.$cs.,$d1891-1942$98163 900 $aTeresia Benedicta a Cruce,$cs.,$d1891-1942?$98163 941 1 $a9 996 $6020$z9783451273797*$9(OLS)http://pul/number/156719 996 $6082$a193$9(OLS)http://pul/classification/412 996 $6245$a"Freiheit und Gnade" und weitere Beiträge zu Phänomenologie und Ontologie (1917 bis 1937)$9(OLS)http://pul/title/178705 996 $6260$aFreiburg :$bHerder$9(OLS)http://pul/publisher/48354 LEADER 01268namaa2200337 i 4500 001 000000177309 003 CaOOAMICUS 005 20240925122104.0 008 240925s2023 it u000 u ita r 020 $a978-88-308-1876-7* 032 $aLibriCat 040 $aPUL$bita 082 04$a241.697 100 1 $aCipressa, Salvatore,$csac.,$d1961-,$eautore.$0(OLS)http://pul/name/48657 245 10$aEtica del vivere /$cSalvatore Cipressa. 260 $aAssisi :$bCittadella,$c©2023. 300 $a118 pagine ;$c19 cm 336 $atesto$btxt$2rdacontent 337 $asenza mediazione$bn$2rdamedia 338 $avolume$bnc$2rdacarrier 490 1 $aL'Etica e i giorni 650 4$aBioetica.$0(OLS)http://pul/subject/2868 830 0$aL'Etica e i giorni.$0(OLS)http://pul/title/151135 850 $aPUL 852 $aPUL$W1$xSL Religione 3$y85$m241. 697 CIPSA 1$j201268$qDDC 21$B206263$CPULBib$Z2$F206263 $H137369 $82 941 1 $a9 996 $6020$a978-88-308-1876-7*$9(OLS)http://pul/number/170024 996 $6082$a241.697$9(OLS)http://pul/classification/3543 996 $6245$aEtica del vivere$9(OLS)http://pul/title/218815 996 $6260$aAssisi :$bCittadella$9(OLS)http://pul/publisher/49668